Two new tribes and the structure of superfamily Hymenoiepidoidea (Cestoda: Cyclophyllidea)

Bibliographic Details
Main Author: Spassky, A. A. (Author)
Format: Article
Language:English

MARC

LEADER 00000nab a2200000ua 4500
001 vtls010804973
003 SK-MaSNL
005 20260303191056.0
008 230218s1992 xo |||||||||||||||||eng|
035 |a (urnnbn)urn:nbn:sk:snk:ar-a05sju 
035 |a (uuid)297162ba-3b31-4b3a-8c22-811f40e0c0e3 
035 |a urn:nbn:sk:snk-ab4v0o 
040 |a SNKBUCL  |b slo  |c SNKBUCL  |e AACR2 
041 0 |a eng 
044 |a xo  |c SK 
100 1 |a Spassky, A. A.  |4 aut  |9 1220108 
245 1 0 |a Two new tribes and the structure of superfamily Hymenoiepidoidea (Cestoda: Cyclophyllidea)  |c A. A. Spassky 
773 0 |t Helminthologia  |g Roč. 29, č. 4 (1992), s. 167-170 
958 |a OND 
958 |a EUIPO 
958 |a article3 
999 |c 2139342  |d 2141272